| 000 | 00503cam a2200193ua 4500 | ||
|---|---|---|---|
| 001 | 3575 | ||
| 005 | 20260515113712.0 | ||
| 008 | 111128n ii |||gr||||Z||||||asm | ||
| 040 | _cMAIN | ||
| 082 | _a954.162 | ||
| 100 |
_aSaikia, Nagen, _eAuthor. |
||
| 245 | 1 | 1 |
_aAdhunik asomor janma jantrana _cby Nagen Saikia |
| 250 | _a1st. | ||
| 260 |
_aNaharkatiya: _bNaharkatiya college, _c2010. |
||
| 300 |
_a55p: _c23cm. |
||
| 653 | _aAssamese Buranji | ||
| 653 | _aAdhunik asomor janma jantrana | ||
| 942 | _cBK | ||
| 999 |
_c3414 _d3414 |
||